Statistiques concernant Membres d'un groupe 3

Cliquez ici pour prendre le quiz!

Statistiques générales

  • Ce quiz a été pris 37 fois
  • Le résultat moyen est 8 sur 31

Statistiques - réponses

HintRéponse% Correct
Cacatoès, Calao,
Urubu, Chevêchette...
Oiseaux
74%
Envie, Paresse,
Orgueil, Avarice...
7 péchés capitaux
71%
Caraibes, Adriatique,
Blanche, Chine...
Mers
58%
Berlin, Lamentations,
Fer, Hadrien...
Murs
55%
Paf, Boum,
Zzz, Tut...
Onomatopées
55%
LCL, BNP Paribas,
HSBC, Crédit Agricole...
Banques
52%
Pèlerin, Citron,
Tigre, Bouledogue...
Requins
48%
Oxford, Paris-Cité,
Yale, Tokyo Gakugei...
Universités
48%
Doodle Jump, Clash of Clans,
94%, Pokémon Go...
Jeux mobile
42%
Black Or White, I just can't stop loving you,
Wanna be starting something, Bad...
Chansons de Michael Jackson
32%
Spirit Tracks, Tears of the Kingdom,
Majora's Mask, Skywars Sword...
Jeux Zelda
32%
Machaon, Atlas,
Monarque, Sphinx...
Papillons
32%
SE, X,
12 Mini, 5C...
Modèles d'Iphone
26%
C'est mon dernier bal, Petit Papa Noel,
Mon beauf, Mon HLM...
Chansons de Renaud
23%
Bohort, Léodagan,
Tristan, Gauvain...
Chevaliers de la Table Ronde (Cycle arthurien)
19%
Freyr, Baldr,
Njord, Tyr...
Dieux nordiques
19%
Permien, Cambrien,
Trias, Ordovicien...
Périodes géologiques
19%
Académie Pokémon, Académie Welton,
Lycée Yuei, Collège Kunugigaoka...
Ecoles fictives
13%
Merry, Sam,
Gimli, Boromir...
Membres de la communauté de l'Anneau
(Le Seigneur des Anneaux)
13%
Divertissements, Sports et loisirs,
Sciences et nature, Histoire...
Catégories de questions du Trivial Pursuit
10%
Osiris, Ankseram,
Thanatos, Shinigamis...
Dieux de la Mort
10%
Freezer, Doflamingo,
Orochimaru, Acnologia...
Méchants d'anime
10%
Green Lantern, Wonder Woman,
Flash, Aquaman...
Super-héros DC Comics
10%
Théoden, Arthur,
Zeno, Nefertari Cobra...
Rois de fictions
6%
Kéké route 66, 2 jours plus tôt,
Bubblegum Kéké, Vie de forêt...
Chansons de Kéké Laglisse (Animal Crossing)
3%
Aslan, Alex,
Kovu, Leodore Lionheart...
Lions de fictions
3%
Flairsou, Lagrogne,
Zaza, Flagada Jones...
Personnages des BD Picsou
3%
Dark Shadow, Lavage de cerveau,
Effacement, Clones...
Alters (My Hero Academia)
0%
Gange, Irrawaddy,
Gris, Bleu...
Espèces de dauphins
0%
The Elder Scrolls V: Skyrim, The Witcher 3: Wild Hunt,
The Legend of Zelda: Breath of the Wild, Légendes Pokémon: Arceus...
Jeux vidéo en monde ouvert
0%
Grover, Monsieur D,
Nico, Thalia Grace...
Personnages de Percy Jackson
0%

Distribution des résultats

Percentile par nombre de réponses

% des personnes avec chaque résultat

Votre développement - résultats

Vous n’avez pas pris ce quiz